| 000 | 00700cam a2200229 a 4500 | ||
|---|---|---|---|
| 008 | |||
| 020 | _a0582643686 (pbk.) | ||
| 049 | _aMAIN | ||
| 090 |
_aN7380 _bVAN. |
||
| 100 | 1 | _aVansina, Jan. | |
| 245 | 1 | 0 |
_aArt history in Africa : _ban introduction to method / _cJ. Vansina ; drawings by C. Vansina. |
| 260 |
_aLondon : _bRoutledge Taylor & Francis, _c1984. |
||
| 300 |
_axiv, 233 p. : _bill. ; _c24 cm. |
||
| 500 | _aIncludes index. | ||
| 504 | _aIncludes bibliographical references. | ||
| 650 | 0 | _aArt, African. | |
| 907 |
_a.b10353045 _b12-12-14 _c12-12-14 |
||
| 003 | |||
| 005 | 20230123122132.0 | ||
| 040 | _cNUST | ||
| 942 |
_cBOOKS _kN7380 _mVAN. |
||
| 999 |
_c128385 _d128385 |
||